Zihniyetleri değiştirmek (Record no. 681)

MARC details
000 -BAŞLIK
Sabit Uzunlukta Kontrol Alanı 00943na a2200289 4500
001 - KONTROL NUMARASI
Denetim Alanı 12580
003 - KONTROL NUMARASI IDENTIFIER
Denetim Alanı MIRAKIL
005 - SON İŞLEM TARİHİ VE ZAMANI
Denetim Alanı 20181213154757.0
008 - SABİT-BOY VERİ ELEMANLARI - GENEL BİLGİLER
Sabit Uzunlukta Kontrol Alanı 160828b tu 000 0
020 ## - ULUSLARARASI STANDART KİTAP NUMARASI
Uluslararası Standart Kitap Numarası 9756589388
035 ## - SİSTEM KONTROL NUMARASI
Sistem Kontrol Numarası 12580
040 ## - KATALOGLAMA KAYNAK
Orijinal Kataloglama Ajansı Milas
Kataloglama Dili tur
Metne Dönüştürmek Ajansı TR-AnCHP
082 ## - DEWEY ONLU SINIFLANDIRMA NUMARASI
Sınıflandırma Numarası 153.85
Ürün Numarası G26z 2004
090 ## - SINIFLAMA NUMARASI
Sınıflama Numarası 153.85 G26z 2004
100 ## - ANA GİRİŞ - KİŞİSEL İSİM
Kişisel Ad Gardner, Howard
245 ## - BAŞLIK TABLOSU
Başlık Zihniyetleri değiştirmek
Başlığın Kalan Kendimizin ve başkalarının zihniyetini değiştirmenin sanatı ve bilimi
Sorumluluk Tablosu, Vb Howard Gardner ; Çeviren Ahmet Kardam ; Yayıma hazırlayan Zülfü Dicleli
246 ## - UNVAN FORM VARYING
Başlık Doğru / Kısa Başlığı Kendimizin ve başkalarının zihniyetini değiştirmenin sanatı ve bilimi
260 ## - YAYIN, DAĞITIM, VB
Yayın, Dağıtım, Vb Yeri İstanbul
Yayıncı, Dağıtıcı, Vs Adı MESS
Yayın, Dağıtım, Vb Tarihi 2004
300 ## - FİZİKSEL TANIM
Kapsam 287 s.
Boyutlar 24 sm.
490 ## - SERİSİ TABLOSU
Seri Beyanı MESS Yayın
Hacim / Ardışık Tanımı 438
650 ## - KONU KATMA GİRİŞ - TOPİKAL DÖNEM
Topikal Süreli Veya Coğrafi Ad Giriş Elemanı Kişisel gelişim
650 ## - KONU KATMA GİRİŞ - TOPİKAL DÖNEM
Topikal Süreli Veya Coğrafi Ad Giriş Elemanı Etki (Psikoloji)
650 ## - KONU KATMA GİRİŞ - TOPİKAL DÖNEM
Topikal Süreli Veya Coğrafi Ad Giriş Elemanı İnandırma (Psikoloji)
700 ## - KATMA GİRİŞ - KİŞİSEL İSİM
Kişisel Ad Dicleli, Zülfü
700 ## - KATMA GİRİŞ - KİŞİSEL İSİM
Kişisel Ad Kardam, Ahmet
942 ## - EKLENDİ GİRİŞ ELEMANLARI (KOHA)
Sınıflandırma Veya Raf Düzeni Kaynak Dewey Decimal Classification
Koha Öğesi Türü Books
999 ## - SİSTEM KONTROL NUMARALARI (KOHA)
Koha Biblionumber 681
Koha Biblioitemnumber 681
Holdings
Kalıcı Konum Mevcut Konum Edinme Tarihi Edinim Kaynak Toplam Check-Out'Lar Toplam Yenileme Tam Çağrı Numarası Barkod Tarih Son Görülme Tarihi Geçen Teslim İtibaren Geçerli Fiyatlar Koha Öğesi Türü
CHP Kütüphanesi CHP Kütüphanesi 07/26/2016 Bağış 1 3 153.85 G26z 2004 000119 06/15/2023 11/10/2020 07/26/2016 Books